К химии тантала и ниобия. Отделение тантала от ниобия; Известия Томского политехнического института [Известия ТПИ]; Т. 92

Dettagli Bibliografici
Parent link:Известия Томского политехнического института [Известия ТПИ]/ Томский политехнический институт (ТПИ).— , 1944-1976
Т. 92.— 1960.— [С. 104-108]
Autore principale: Эфенди М. Э. Магомет Эминович
Altri autori: Онуфриенок И. П.
Riassunto:Заглавие с титульного листа
Электронная версия печатной публикации
Lingua:russo
Pubblicazione: 1960
Soggetti:
Accesso online:http://www.lib.tpu.ru/fulltext/v/Bulletin_TPU/1960/v92/22.pdf
Natura: MixedMaterials Elettronico Capitolo di libro
KOHA link:https://koha.lib.tpu.ru/cgi-bin/koha/opac-detail.pl?biblionumber=190455

MARC

LEADER 00000nla2a2200000 4500
001 190455
005 20231101224302.0
035 |a (RuTPU)RU\TPU\book\207510 
035 |a RU\TPU\book\207500 
090 |a 190455 
100 |a 20110121d1960 k y0rusy50 ca 
101 0 |a rus 
102 |a RU 
135 |a drnn ---uucaa 
181 0 |a i  
182 0 |a b 
200 1 |a К химии тантала и ниобия. Отделение тантала от ниобия  |b Электронный ресурс  |f М. Э. Эфенди, И. П. Онуфриенок 
203 |a Текст  |c электронный 
215 |a 1 файл (343 Кб) 
230 |a Электронные текстовые данные (1 файл : 343 Кб) 
300 |a Заглавие с титульного листа 
300 |a Электронная версия печатной публикации 
320 |a [Библиогр.: с. 108 (9 назв.)] 
337 |a Adobe Reader 
461 1 |0 (RuTPU)RU\TPU\book\200995  |t Известия Томского политехнического института [Известия ТПИ]  |f Томский политехнический институт (ТПИ)  |d 1944-1976 
463 1 |0 (RuTPU)RU\TPU\book\207455  |t Т. 92  |v [С. 104-108]  |d 1960  |p 174 с. 
610 1 |a электронный ресурс 
610 1 |a труды учёных ТПУ 
700 1 |a Эфенди  |b М. Э.  |c 1937-1957 - зав. каф. аналитической химии в ТИИ  |f 1895-?  |g Магомет Эминович  |2 stltpush  |3 (RuTPU)RU\TPU\pers\26748  |9 12391 
701 1 |a Онуфриенок  |b И. П. 
801 1 |a RU  |b 63413507  |c 20090320  |g PSBO 
801 2 |a RU  |b 63413507  |c 20110906  |g PSBO 
856 4 |u http://www.lib.tpu.ru/fulltext/v/Bulletin_TPU/1960/v92/22.pdf 
942 |c CF